Geography of Ecuador - Statistics

General Stats
  • This quiz has been taken 11 times
  • The average score is 15 of 20
Answer Stats
Question Answer % Correct
What rainforest dominates the eastern part of Ecuador? Amazon
100%
Which 2 South American countries border Ecuador? Colombia
100%
What famous line of latitude passes through Ecuador? Equator
100%
What archipelago, located 906 km west of the mainland, is known for its many endemic species? Galápagos
100%
Which 2 South American countries border Ecuador? Peru
100%
What is the capital city of Ecuador? Quito
100%
What replaced the sucre as Ecuador's official currency in 2000? U.S. Dollar
100%
What popular fruit does Ecuador export the most of in the world? Banana
91%
What makes up roughly 30% of Ecuador's exports? Oil
91%
What is the most populous city in Ecuador? Guayaquil
82%
What is the most-spoken indigenous language in Ecuador? Quechua
82%
What bird appears on the coat of arms? Condor
64%
What reptiles are known to roam Parque Seminario, located in the above city? Iguanas
64%
While Everest is the highest point above sea level, what volcano in Ecuador is the furthest point from the center of the Earth Chimborazo
55%
What is the third-largest city in Ecuador? Cuenca
55%
What rodent is also known as a cavy? Guinea Pig
55%
What term is used to refer to the 72% of Ecuadorians with European and Amerindian descent? Mestizo
55%
What is the largest island in that archipelago, at 4586 km²? Isla {Isabela}
45%
What are Yasuní, El Cajas, and Machalilla? National Parks
18%
What subrange of the Andes Mountains is the above part of? * hint: cardinal direction Cordillera {Occidental}
9%
No matching quizzes found
Score Distribution
Percent of People with Each Score
Percentile by Number Answered
Your Score History
You have not taken this quiz